| 000 | 00542nam a22001937a 4500 | ||
|---|---|---|---|
| 999 |
_c163865 _d163865 |
||
| 005 | 20190502133253.0 | ||
| 010 | _aA-978561 | ||
| 020 |
_a8170110815 _c55.00 |
||
| 035 | _aA-978561 | ||
| 037 | _bChildren's Book Trust | ||
| 082 | _a591 | ||
| 100 | _aDavid, Lt-Col. A. | ||
| 245 |
_aAnimal word / _cLt-Col. A. David {and} Shivakumar |
||
| 260 |
_aNew Delhi _bChildren's Book Trust _c1973 |
||
| 300 |
_a80p (include index) _c24cm. (hbk) |
||
| 700 | _aShivakumar | ||
| 700 | _aGuha, Tapas | ||
| 942 |
_2ddc _cCH _h591 _mDAV |
||